The Pakistani voter, electoral politics and voting behaviour in the Punjab / (Record no. 542436)

000 -LEADER
fixed length control field 00534cam a2200157 a 4500
020 ## - INTERNATIONAL STANDARD BOOK NUMBER
International Standard Book Number 0195790723
082 00 - DEWEY DECIMAL CLASSIFICATION NUMBER
Classification number 324.95491
Author Mark WIL
100 1# - MAIN ENTRY--PERSONAL NAME
Personal name Wilder, Andrew R.
9 (RLIN) 37607
245 14 - TITLE STATEMENT
Title The Pakistani voter, electoral politics and voting behaviour in the Punjab /
Statement of responsibility, etc. Andrew R. Wilder.
260 ## - PUBLICATION, DISTRIBUTION, ETC.
Place of publication, distribution, etc. Karachi ;
-- New York :
Name of publisher, distributor, etc. Oxford University Press,
Date of publication, distribution, etc. 1999.
300 ## - PHYSICAL DESCRIPTION
Extent xx, 341 p. :
Other physical details maps ;
Dimensions 23 cm.
526 ## - STUDY PROGRAM INFORMATION NOTE
Program name 0
Interest level 0
Reading level 0
Title point value 324_954910000000000_WIL
650 #0 - SUBJECT ADDED ENTRY--TOPICAL TERM
Topical term or geographic name entry element Elections
Geographic subdivision Pakistan
-- Punjab.
9 (RLIN) 37608
650 #0 - SUBJECT ADDED ENTRY--TOPICAL TERM
Topical term or geographic name entry element MCE
9 (RLIN) 379
942 ## - ADDED ENTRY ELEMENTS (KOHA)
Source of classification or shelving scheme
Koha item type Book
Holdings
Withdrawn status Lost status Source of classification or shelving scheme Damaged status Not for loan Permanent Location Current Location Date acquired Total Checkouts Full call number Barcode Date last seen Price effective from Koha item type
          Military College of Engineering (MCE) Military College of Engineering (MCE) 12/20/2013   324.95491 WIL MCE-44192 12/20/2013 12/20/2013 Book
© 2023 Central Library, National University of Sciences and Technology. All Rights Reserved.